Sports Quiz

Random Sports or Logo Quiz

Which Logo Is NHL? (Blitz) Quiz Stats

 Plays Quiz Updated Nov 29, 2017

Challenge
Share
Tweet
Score 0/31 Timer 01:00
19 Plays Today
% Correct
Bruins
93.9%
Blues
93.9%
Penguins
93.7%
Maple Leafs
90.8%
Red Wings
90.3%
Lightning
89.6%
Islanders
89.6%
Sharks
88.9%
Canadiens
88%
Devils
87.3%
Stars
87%
Rangers
86.9%
Flames
86.2%
Jets
85.8%
Capitals
85.5%
Oilers
84.6%
% Correct
Ducks
84.5%
Hurricanes
83.8%
Senators
83.7%
Golden Knights
83.5%
Flyers
83.5%
Avalanche
82.6%
Wild
82.4%
Blackhawks
82.3%
Kings
81.7%
Blue Jackets
81.4%
Sabres
81.1%
Canucks
80.9%
Coyotes
80.6%
Predators
80.3%
Panthers
74%

You're not logged in!

Compare scores with friends on all Sporcle quizzes.
Join for Free
OR
Log In

You Might Also Like...

Show Comments

Extras

Top Quizzes Today


Score Distribution

Your Account Isn't Verified!

In order to create a playlist on Sporcle, you need to verify the email address you used during registration. Go to your Sporcle Settings to finish the process.

Report this User

Report this user for behavior that violates our Community Guidelines.

Details: